000 00468nam a2200181Ia 4500
005 20250326124425.0
008 250326s9999 xx 000 0 und d
037 _aTextbook
040 _aFMSL
_beng
_cFMSL
041 _aeng
_2eng
084 _aX:8 K2
_qFMSL
100 _aShubin J A
_9737369
245 0 _aBusiness management
_cShubin J A
260 _aBombay
_bBombay, B I
_c1962
300 _a372p
942 _cTB
_hX:8 K2
999 _c1273650
_d1273650